[Event "Katowice POL-HUN 6th"]
[Site "Katowice"]
[Date "2018.05.05"]
[Round "3"]
[White "Teclaf, Pawel"]
[Black "Przemyk, Grzegorz"]
[Result "1-0"]
[WhiteElo "2373"]
[BlackElo "1939"]
[PlyCount "57"]
[EventDate "2018.05.05"]
[EventType "swiss (rapid)"]
[EventRounds "9"]
[EventCountry "POL"]
[SourceTitle "CBM 184 Extra"]
[Source "ChessBase"]
[SourceDate "2018.06.28"]
[SourceVersion "1"]
[SourceVersionDate "2018.06.28"]
[SourceQuality "1"]

1. e4 c5 2. Nf3 e6 3. d4 cxd4 4. Nxd4 Nf6 5. Nc3 Qc7 6. Ndb5 Qa5 7. Bd2 Qd8 8. e5 Nd5 9. Ne4 a6 10. Nbd6+ Bxd6 11. Nxd6+ Kf8 12. Qh5 g6 13. Qf3 f5 14. exf6 h5 15. c4 Nb6 16. Qf4 Nc6 17. Qh6+ Rxh6 18. Bxh6+ Kg8 19. f7+ Kh7 20. f8Q Qxf8 21. Bxf8 Rb8 22. 0-0-0 Na8 23. Kb1 b5 24. cxb5 axb5 25. Nxc8 Rxc8 26. Rxd7+ Kg8 27. Bxb5 Kxf8 28. Rc1 Na7 29. Rxa7 1-0

[Event "Katowice POL-HUN 4th"]
[Site "Katowice"]
[Date "2016.05.07"]
[Round "2"]
[White "Przemyk, Grzegorz"]
[Black "Ruck, Robert"]
[Result "0-1"]
[WhiteElo "2042"]
[BlackElo "2563"]
[PlyCount "76"]
[EventDate "2016.05.07"]
[EventType "swiss (rapid)"]
[EventRounds "9"]
[EventCountry "POL"]
[SourceTitle "CBM 172 Extra"]
[Source "ChessBase"]
[SourceDate "2016.06.21"]
[SourceVersion "1"]
[SourceVersionDate "2016.06.21"]
[SourceQuality "1"]

1. d4 Nf6 2. c4 g6 3. Nc3 d5 4. cxd5 Nxd5 5. e4 Nxc3 6. bxc3 Bg7 7. Bc4 c5 8. Nf3 0-0 9. 0-0 cxd4 10. cxd4 Bg4 11. Be3 Nc6 12. e5 Rc8 13. Rc1 Qd7 14. h3 Bf5 15. Re1 Na5 16. Bd3 Rxc1 17. Bxc1 Be6 18. Be4 Rd8 19. a3 Nc4 20. Ng5 Nxe5 21. Nxe6 fxe6 22. Qb3 Nc6 23. Bxc6 Qxc6 24. Qxe6+ Qxe6 25. Rxe6 Kf7 26. Re2 Bxd4 27. a4 Rc8 28. Ba3 e5 29. Kh2 Rc4 30. f4 Rxa4 31. Bd6 e4 32. g4 Ke6 33. Bb8 Kd5 34. h4 e3 35. Kg3 Ke4 36. Re1 Ra2 37. h5 gxh5 38. g5 Bc3 0-1

[Event "POL-chT3 Slaskie"]
[Site "Poland"]
[Date "2008.03.02"]
[Round "5.5"]
[White "Przemyk, Grzegorz"]
[Black "Mysliwiec, Grzegorz"]
[Result "1-0"]
[WhiteElo "2078"]
[BlackElo "2027"]
[PlyCount "63"]
[EventDate "2008.02.03"]
[EventType "team-swiss"]
[EventRounds "9"]
[EventCountry "POL"]
[SourceTitle "EXT 2019"]
[Source "ChessBase"]
[SourceDate "2018.10.10"]
[SourceVersion "1"]
[SourceVersionDate "2018.10.10"]
[SourceQuality "1"]

1. d4 d5 2. c4 e6 3. Nf3 Nf6 4. Nc3 c5 5. cxd5 Nxd5 6. e4 Nxc3 7. bxc3 b6 8. Bb5+ Bd7 9. Bxd7+ Nxd7 10. 0-0 Be7 11. Bf4 0-0 12. Re1 Rc8 13. Qa4 Ra8 14. Rad1 Qc8 15. d5 exd5 16. exd5 Bf6 17. c4 Rd8 18. Qc2 Nf8 19. h3 Ng6 20. Bg3 Qd7 21. Re2 Re8 22. Rde1 Kf8 23. h4 Kg8 24. h5 Rxe2 25. Qxe2 Ne7 26. Be5 Bxe5 27. Nxe5 Qd6 28. Ng4 Nf5 29. Qe4 Qd7 30. Ne5 Qc8 31. Nc6 Qd7 32. Qxf5 1-0